000 00616nam a22002297a 4500
003 UA-OsUOA
001 126206
007 ta
008 20171011b un ||||| |||| 00| 0 ukr d
100 _aБрандіс Є.
090 _a82.09(477)
_bБ87
942 _cBK
040 _aUA-OsUOA
_bukr
_cUA-OsUOA
_dUA-OsUOA
245 _aМарко Вовчок
_bповість-дослідження
300 _a368 с.
955 _a2
041 _aukr
080 _a82.09(477)
260 _aК.
_bДніпро
_c1975
650 7 _a82 Література. Літературознавство
_2UDC
999 _c413432
_d413432